[Event "38. Open Ciudad de San Sebastián"]
[Site "San Sebastián ESP"]
[Date "2015.04.01"]
[Round "6.6"]
[White "Galego, Luis"]
[Black "Sanchez Saez, Francisco"]
[Result "1-0"]
[WhiteElo "2461"]
[BlackElo "2281"]
[PlyCount "87"]
[EventDate "2015.03.28"]
[EventType "swiss"]
[EventRounds "9"]
[EventCountry "ESP"]
[Source "lmi"]
[SourceDate "2015.03.28"]

1. e4 g6 2. h4 d5 3. exd5 Nf6 4. Nc3 Bg7 5. Bb5+ Nbd7 6. d3 a6 7. Bxd7+ Bxd7 8.
Bg5 Bg4 9. f3 Bc8 10. Bxf6 Bxf6 11. h5 Bxc3+ 12. bxc3 Qxd5 13. hxg6 Qe5+ 14.
Kf2 hxg6 15. Ne2 Rxh1 16. Qxh1 Be6 17. Qh4 g5 18. Qd4 Qxd4+ 19. Nxd4 Kd7 20. c4
c5 21. Nb3 Kc6 22. Re1 Kd6 23. Nd2 f5 24. a4 b6 25. Nb1 Bd7 26. Nc3 Rb8 27. Rh1
b5 28. axb5 axb5 29. cxb5 Bxb5 30. Rb1 Kc6 31. Ke3 Rb6 32. f4 g4 33. d4 Bc4 34.
Rxb6+ Kxb6 35. g3 Kc6 36. Na4 cxd4+ 37. Kxd4 Be6 38. Ke5 Bc8 39. Nc3 e6 40. Ne2
Kd7 41. Nd4 Ke7 42. c4 Kf7 43. c5 Ke7 44. c6 1-0

[Event "38. Open Ciudad de San Sebastián"]
[Site "San Sebastián ESP"]
[Date "2015.04.01"]
[Round "6.7"]
[White "Nava Pereda, Carlos"]
[Black "Pap, Misa"]
[Result "0-1"]
[WhiteElo "2266"]
[BlackElo "2459"]
[PlyCount "52"]
[EventDate "2015.03.28"]
[EventType "swiss"]
[EventRounds "9"]
[EventCountry "ESP"]
[Source "lmi"]
[SourceDate "2015.03.28"]

1. d4 Nf6 2. Nf3 e6 3. Bg5 c5 4. e3 h6 5. Bh4 Qb6 6. Nbd2 cxd4 7. exd4 Qxb2 8.
Bd3 Be7 9. O-O Qb6 10. c4 d6 11. Rb1 Qc7 12. Qe2 O-O 13. Rfc1 Re8 14. c5 dxc5
15. Bxf6 Bxf6 16. Qe4 g6 17. Rxc5 Qe7 18. h4 Nd7 19. Rc7 Qd6 20. Rbc1 Bg7 21.
Qe3 Nb6 22. Be4 Rb8 23. Qb3 f5 24. Bd3 Bd7 25. R7c5 Ba4 26. Nc4 Qxc5 0-1

[Event "38. Open Ciudad de San Sebastián"]
[Site "San Sebastián ESP"]
[Date "2015.04.01"]
[Round "6.8"]
[White "Cruz Lledo, Pablo"]
[Black "Henderson De La Fuente, Andrea"]
[Result "1-0"]
[WhiteElo "2284"]
[BlackElo "1751"]
[PlyCount "69"]
[EventDate "2015.03.28"]
[EventType "swiss"]
[EventRounds "9"]
[EventCountry "ESP"]
[Source "lmi"]
[SourceDate "2015.03.28"]

1. d4 Nf6 2. c4 e6 3. Nc3 Bb4 4. Nf3 b6 5. g3 Bb7 6. Bg2 O-O 7. O-O Bxc3 8.
bxc3 d6 9. Re1 Nbd7 10. a4 Ne4 11. Qc2 f5 12. Ng5 Qf6 13. a5 e5 14. Be3 d5 15.
a6 f4 16. Nxe4 dxe4 17. axb7 fxe3 18. fxe3 Qf2+ 19. Kh1 Rae8 20. Qxe4 Nf6 21.
Qf3 Qxf3 22. exf3 a5 23. c5 exd4 24. cxd4 Nd5 25. Bh3 Rf6 26. Bc8 Rff8 27. cxb6
Rxc8 28. bxc8=Q Rxc8 29. b7 Rb8 30. Rxa5 Nb6 31. Ra7 Kf7 32. Rc1 Ke6 33. Rxc7
Nd7 34. Ra6+ Ke7 35. Ra8 1-0

[Event "38. Open Ciudad de San Sebastián"]
[Site "San Sebastián ESP"]
[Date "2015.04.01"]
[Round "6.9"]
[White "Espinosa Aranda, Angel"]
[Black "Iagar, Razvan-gabriel"]
[Result "1-0"]
[WhiteElo "2408"]
[BlackElo "2189"]
[PlyCount "35"]
[EventDate "2015.03.28"]
[EventType "swiss"]
[EventRounds "9"]
[EventCountry "ESP"]
[Source "lmi"]
[SourceDate "2015.03.28"]

1. Nf3 d5 2. g3 Nf6 3. Bg2 c5 4. O-O Nc6 5. d4 e6 6. c4 cxd4 7. cxd5 Nxd5 8.
Nxd4 Nxd4 9. Qxd4 Qb6 10. Qxb6 Nxb6 11. Nc3 a6 12. Bf4 f6 13. Bc7 Nc4 14. Na4
Bd7 15. Rfc1 Bxa4 16. Rxc4 Bb5 17. Rc2 Bc6 18. Rxc6 1-0

[Event "38. Open Ciudad de San Sebastián"]
[Site "San Sebastián ESP"]
[Date "2015.04.01"]
[Round "6.10"]
[White "Segovia Sanchez, Antonio"]
[Black "Andres Gonzalez, Ivan"]
[Result "0-1"]
[WhiteElo "2072"]
[BlackElo "2360"]
[PlyCount "88"]
[EventDate "2015.03.28"]
[EventType "swiss"]
[EventRounds "9"]
[EventCountry "ESP"]
[Source "lmi"]
[SourceDate "2015.03.28"]

1. d4 Nf6 2. Bf4 d5 3. e3 c5 4. Nf3 Nc6 5. Be2 Bf5 6. O-O e6 7. c4 dxc4 8. Bxc4
a6 9. dxc5 Bxc5 10. Nc3 O-O 11. Qe2 b5 12. Rfd1 Qe7 13. Bd3 Bxd3 14. Qxd3 Rfd8
15. Qe2 h6 16. Ne5 Nxe5 17. Bxe5 Nd7 18. Bg3 Nb6 19. Ne4 Nd5 20. Nxc5 Qxc5 21.
Rac1 Qb4 22. e4 Nf6 23. f3 Rac8 24. Bf4 Rxd1+ 25. Rxd1 Qc5+ 26. Be3 Qc2 27. Kf2
Qc7 28. Rc1 Qb8 29. Rxc8+ Qxc8 30. Qd2 Qc7 31. g3 Nd7 32. Bd4 e5 33. Bc3 Nb6
34. b3 Nd7 35. Bb4 Qc6 36. Qd3 Nf6 37. Bd6 Qd7 38. Ke2 Qe6 39. Ke3 Nh7 40. h4
Nf6 41. Bc5 Qh3 42. Qd8+ Kh7 43. Qe7 Qxg3 44. Qxf7 Qg1+ 0-1

[Event "38. Open Ciudad de San Sebastián"]
[Site "San Sebastián ESP"]
[Date "2015.04.01"]
[Round "6.11"]
[White "Boricsev, Oleg"]
[Black "Sadusea, Johnny"]
[Result "1-0"]
[WhiteElo "2356"]
[BlackElo "2071"]
[PlyCount "55"]
[EventDate "2015.03.28"]
[EventType "swiss"]
[EventRounds "9"]
[EventCountry "ESP"]
[Source "lmi"]
[SourceDate "2015.03.28"]

1. e4 c5 2. Nf3 d6 3. c3 Nf6 4. e5 dxe5 5. Nxe5 e6 6. Bb5+ Nbd7 7. d4 Be7 8.
O-O O-O 9. Qe2 cxd4 10. cxd4 Nd5 11. Bd2 N7f6 12. Nc3 Nc7 13. Bc4 Qxd4 14. Bg5
Nfd5 15. Bxe7 Nxe7 16. Rfd1 Qh4 17. g3 Qf6 18. Ng4 Qf5 19. Bd3 Qa5 20. Rac1
Ncd5 21. Qe5 f6 22. Qh5 g6 23. Qh4 Nxc3 24. Rxc3 Nd5 25. Bxg6 hxg6 26. Qh6 Ne7
27. Rcd3 Qf5 28. Rd8 1-0

[Event "38. Open Ciudad de San Sebastián"]
[Site "San Sebastián ESP"]
[Date "2015.04.01"]
[Round "6.12"]
[White "Aranaz Murillo, Amalia"]
[Black "Barbazan Bilbao, Xabier"]
[Result "1/2-1/2"]
[WhiteElo "2319"]
[BlackElo "2013"]
[PlyCount "143"]
[EventDate "2015.03.28"]
[EventType "swiss"]
[EventRounds "9"]
[EventCountry "ESP"]
[Source "lmi"]
[SourceDate "2015.03.28"]

1. Nf3 Nf6 2. c4 e6 3. g3 d5 4. Bg2 Be7 5. O-O O-O 6. d4 c6 7. Qc2 b6 8. Nbd2
Bb7 9. Rd1 Na6 10. e4 Rc8 11. e5 Nd7 12. cxd5 Nb4 13. Qa4 Nxd5 14. Ne4 c5 15.
Bg5 Bc6 16. Qb3 cxd4 17. Rxd4 Nxe5 18. Nxe5 Bxg5 19. Nxg5 Qxg5 20. Nxc6 Rxc6
21. Bxd5 exd5 22. Rxd5 Rc1+ 23. Rxc1 Qxc1+ 24. Rd1 Qc7 25. Qd5 h6 26. b4 a5 27.
b5 Re8 28. Kg2 Re5 29. Qa8+ Kh7 30. Rd5 Re2 31. Rf5 Qe7 32. Qf3 f6 33. a4 Qe4
34. Rf4 Qxf3+ 35. Kxf3 Re6 36. Rc4 Kg6 37. Rc7 f5 38. h4 Kf6 39. h5 Re4 40. Rb7
Rxa4 41. Rxb6+ Kg5 42. Rg6+ Kxh5 43. Rxg7 Rb4 44. Rb7 a4 45. Rb8 a3 46. Ra8
Rxb5 47. Rxa3 Kg5 48. Ra6 Rb3+ 49. Kg2 Rb2 50. Ra4 Rc2 51. Rf4 Rb2 52. Kh3 Re2
53. f3 Re3 54. Kg2 Rc3 55. Ra4 Rb3 56. Ra8 h5 57. f4+ Kg6 58. Ra6+ Kg7 59. Kh3
Rc3 60. Kh4 Rd3 61. Kg5 Rxg3+ 62. Kxf5 h4 63. Ra7+ Kg8 64. Kf6 h3 65. Ra8+ Kh7
66. Ra2 Kg8 67. f5 Re3 68. Ra8+ Kh7 69. Ra4 Kg8 70. Rg4+ Kf8 71. Kg6 h2 72. Rh4
1/2-1/2

[Event "38. Open Ciudad de San Sebastián"]
[Site "San Sebastián ESP"]
[Date "2015.04.01"]
[Round "6.13"]
[White "Prosviriakov, Vladimir"]
[Black "Bayo Milagro, Alvaro"]
[Result "1/2-1/2"]
[WhiteElo "2227"]
[BlackElo "1996"]
[PlyCount "60"]
[EventDate "2015.03.28"]
[EventType "swiss"]
[EventRounds "9"]
[EventCountry "ESP"]
[Source "lmi"]
[SourceDate "2015.03.28"]

1. d4 d5 2. Bf4 c6 3. e3 Nf6 4. c4 Nbd7 5. Nc3 e6 6. Nf3 Be7 7. Ne5 O-O 8. cxd5
Nxd5 9. Nxd5 exd5 10. Bd3 Bb4+ 11. Kf1 Nxe5 12. dxe5 f5 13. h4 Be6 14. Qc2 Qd7
15. g4 Be7 16. Rd1 g6 17. g5 Rac8 18. h5 Kg7 19. f3 c5 20. hxg6 hxg6 21. Rh6
Rh8 22. Qh2 Qc6 23. Kg2 Rcg8 24. Qh1 Rxh6 25. Qxh6+ Kf7 26. Qh7+ Rg7 27. Qh8
Rg8 28. Qh4 Qa4 29. Bb1 Qb4 30. Qf2 Bf8 1/2-1/2

[Event "38. Open Ciudad de San Sebastián"]
[Site "San Sebastián ESP"]
[Date "2015.04.01"]
[Round "6.14"]
[White "Perez Pacheco, Ricardo"]
[Black "Prieto Aranguren, Alain"]
[Result "1/2-1/2"]
[WhiteElo "2058"]
[BlackElo "2216"]
[PlyCount "87"]
[EventDate "2015.03.28"]
[EventType "swiss"]
[EventRounds "9"]
[EventCountry "ESP"]
[Source "lmi"]
[SourceDate "2015.03.28"]

1. e4 c6 2. d4 d5 3. Nc3 dxe4 4. Nxe4 Nd7 5. Ng5 Ngf6 6. Bd3 e6 7. Qe2 Bd6 8.
N1f3 h6 9. Ne4 Nxe4 10. Bxe4 Nf6 11. Bd3 Qc7 12. Bd2 b6 13. O-O-O Bb7 14. Kb1
O-O-O 15. c4 c5 16. Bc3 Qe7 17. Rhe1 Rhe8 18. g3 cxd4 19. Nxd4 Bc5 20. Bc2 Bb4
21. Bxb4 Qxb4 22. f4 Qc5 23. Nb5 a6 24. Nc3 Rxd1+ 25. Rxd1 Rd8 26. b3 Rxd1+ 27.
Nxd1 Qg1 28. Qf2 Qxf2 29. Nxf2 Kc7 30. Kc1 Kd6 31. Kd2 g5 32. Ke3 b5 33. Kd4
gxf4 34. gxf4 bxc4 35. bxc4 Nh5 36. c5+ Ke7 37. Nd3 Nf6 38. Ne5 Nd5 39. Be4 f6
40. Nc4 Bc6 41. Na5 Ba8 42. Nc4 Bc6 43. Na5 Ba8 44. Nc4 1/2-1/2

[Event "38. Open Ciudad de San Sebastián"]
[Site "San Sebastián ESP"]
[Date "2015.04.01"]
[Round "6.16"]
[White "Felizes, Paulo"]
[Black "Al-hajiri, Bader"]
[Result "0-1"]
[WhiteElo "2017"]
[BlackElo "2115"]
[PlyCount "112"]
[EventDate "2015.03.28"]
[EventType "swiss"]
[EventRounds "9"]
[EventCountry "ESP"]
[Source "lmi"]
[SourceDate "2015.03.28"]

1. d4 Nf6 2. Bg5 Ne4 3. h4 c5 4. dxc5 Na6 5. e3 Naxc5 6. Bc4 Qb6 7. b3 Qa5+ 8.
Kf1 Nxg5 9. hxg5 Ne4 10. Bxf7+ Kxf7 11. Qf3+ Nf6 12. gxf6 exf6 13. Rh5 Qa6+ 14.
c4 Qc6 15. Rd5 b6 16. Nc3 Bb7 17. Qf5 Rd8 18. Nf3 Qc8 19. Ng5+ Kg8 20. Rad1 d6
21. Ne6 Re8 22. Nxf8 Bxd5 23. Qxd5+ Kxf8 24. Qxd6+ Kf7 25. Nd5 Re6 26. Qa3 Qd7
27. Rd4 Rhe8 28. Qb2 Re4 29. f3 Rxd4 30. Qxd4 Qd6 31. Qh4 Kg8 32. Qh5 Qe5 33.
Qxe5 Rxe5 34. e4 Kf7 35. Kf2 Ke6 36. g4 Kd6 37. Ke3 h5 38. f4 Re8 39. gxh5 Rh8
40. Kd4 Rxh5 41. b4 Rh2 42. c5+ bxc5+ 43. bxc5+ Kc6 44. a4 Rd2+ 45. Kc4 Rc2+
46. Kd4 Rd2+ 47. Kc4 g5 48. fxg5 fxg5 49. Ne7+ Kd7 50. Nf5 g4 51. Kc3 Ra2 52.
Kd4 Ra3 53. Kd5 g3 54. Nh4 Ra2 55. e5 Rd2+ 56. Ke4 g2 0-1

[Event "38. Open Ciudad de San Sebastián"]
[Site "San Sebastián ESP"]
[Date "2015.04.01"]
[Round "6.17"]
[White "Martinez De Miguel, Pedro"]
[Black "Carrascal Rosal, Alberto"]
[Result "1-0"]
[WhiteElo "2110"]
[BlackElo "1884"]
[PlyCount "40"]
[EventDate "2015.03.28"]
[EventType "swiss"]
[EventRounds "9"]
[EventCountry "ESP"]
[Source "lmi"]
[SourceDate "2015.03.28"]

1. e4 c5 2. Nf3 e6 3. d4 cxd4 4. Nxd4 Nc6 5. Nc3 Qc7 6. Be2 a6 7. Be3 Nf6 8.
O-O Be7 9. f4 d6 10. Qe1 O-O 11. Qg3 Re8 12. f5 Nxd4 13. Bxd4 e5 14. Be3 b5 15.
Bh6 Bf8 16. Bg5 b4 17. Bxf6 bxc3 18. Bxg7 f6 19. Bxf6+ Bg7 20. Bxg7 Qxg7 1-0

[Event "38. Open Ciudad de San Sebastián"]
[Site "San Sebastián ESP"]
[Date "2015.04.01"]
[Round "6.18"]
[White "Arvidsson, Jonas"]
[Black "Vinal Gutierrez, Pedro"]
[Result "0-1"]
[WhiteElo "1926"]
[BlackElo "2100"]
[PlyCount "102"]
[EventDate "2015.03.28"]
[EventType "swiss"]
[EventRounds "9"]
[EventCountry "ESP"]
[Source "lmi"]
[SourceDate "2015.03.28"]

1. e4 e6 2. d4 d5 3. Nd2 Nf6 4. e5 Nfd7 5. Bd3 c5 6. c3 Nc6 7. Ngf3 Be7 8. O-O
g5 9. dxc5 Ndxe5 10. Nxe5 Nxe5 11. Nb3 Nxd3 12. Qxd3 e5 13. Re1 f6 14. Qg3 O-O
15. f4 exf4 16. Bxf4 Kh8 17. Be3 Rf7 18. Bd4 Rg7 19. Re2 Bf5 20. Rae1 Kg8 21.
Kh1 h5 22. Rf1 h4 23. Qe3 Bg4 24. Ref2 Rf7 25. h3 Bd7 26. Qf3 Bb5 27. Re1 Rc8
28. Re5 Qf8 29. Re1 Bc6 30. Qf5 Rc7 31. Qg6+ Qg7 32. Qh5 Qh7 33. Qf3 Qg6 34.
Na5 Kg7 35. Nxc6 bxc6 36. Rfe2 Bd8 37. Rf1 Rce7 38. Rxe7 Bxe7 39. Re1 Bd8 40.
Re6 Qb1+ 41. Bg1 Bc7 42. Qe2 Be5 43. Rxc6 d4 44. Qd2 d3 45. Re6 Bf4 46. Re1 Qc2
47. Qd1 Rb7 48. Bh2 Rxb2 49. Qf3 Rb1 50. Qf1 Rxe1 51. Qxe1 Qc1 0-1

[Event "38. Open Ciudad de San Sebastián"]
[Site "San Sebastián ESP"]
[Date "2015.04.01"]
[Round "6.19"]
[White "Encinas Encinas, Alvaro"]
[Black "Perez Cameselle, Francisco"]
[Result "1-0"]
[WhiteElo "2076"]
[BlackElo "1862"]
[PlyCount "125"]
[EventDate "2015.03.28"]
[EventType "swiss"]
[EventRounds "9"]
[EventCountry "ESP"]
[Source "lmi"]
[SourceDate "2015.03.28"]

1. e4 e6 2. d4 d5 3. Nc3 Nf6 4. e5 Nfd7 5. f4 c5 6. Nf3 Nc6 7. Be3 cxd4 8. Nxd4
Bc5 9. Qd2 Bxd4 10. Bxd4 Nxd4 11. Qxd4 Qb6 12. O-O-O Qxd4 13. Rxd4 a6 14. Be2
Nb8 15. a3 Nc6 16. Rd3 Bd7 17. b3 O-O-O 18. Na4 Ne7 19. Rc3+ Kb8 20. Nc5 Bc6
21. Rd1 h5 22. g3 Rc8 23. b4 Bb5 24. Bxb5 axb5 25. Rdd3 Nc6 26. Nb3 b6 27. Nd2
Kb7 28. Nf3 g6 29. Ng5 Rc7 30. Rb3 Rhc8 31. Kd2 Nd8 32. Rbc3 Rc4 33. Rxc4 bxc4
34. Re3 Rc7 35. c3 b5 36. Re1 Kb6 37. Ra1 Ra7 38. Ke3 Nc6 39. Nf3 Ra8 40. h3
Kb7 41. g4 hxg4 42. hxg4 Kb6 43. Ra2 Ra7 44. f5 gxf5 45. gxf5 exf5 46. Kf4 Kc7
47. Kxf5 Kd7 48. Kf6 Ke8 49. e6 fxe6 50. Kxe6 Re7+ 51. Kxd5 Kd7 52. Kc5 Re3 53.
Rd2+ Kc7 54. Rd6 Na7 55. Nd4 Re5+ 56. Rd5 Rxd5+ 57. Kxd5 Kb6 58. a4 bxa4 59.
Kxc4 Nc8 60. b5 Nd6+ 61. Kb4 a3 62. c4 a2 63. c5+ 1-0

[Event "38. Open Ciudad de San Sebastián"]
[Site "San Sebastián ESP"]
[Date "2015.04.01"]
[Round "6.20"]
[White "Rodmacq, Clement"]
[Black "Argandona Riveiro, Inigo"]
[Result "0-1"]
[WhiteElo "2021"]
[BlackElo "2412"]
[PlyCount "60"]
[EventDate "2015.03.28"]
[EventType "swiss"]
[EventRounds "9"]
[EventCountry "ESP"]
[Source "lmi"]
[SourceDate "2015.03.28"]

1. e4 d6 2. d4 Nf6 3. Nc3 e5 4. dxe5 dxe5 5. Qxd8+ Kxd8 6. Nf3 Bd6 7. Bg5 Be6
8. O-O-O Nbd7 9. Nd2 h6 10. Bh4 g5 11. Bg3 Ke7 12. a3 a6 13. Bc4 Nh5 14. Bxe6
fxe6 15. Nc4 Nf4 16. Bxf4 exf4 17. Rd2 Ne5 18. Nxe5 Bxe5 19. Rd3 Rad8 20. Rhd1
g4 21. f3 Rxd3 22. cxd3 gxf3 23. gxf3 Bd4 24. Kc2 Rg8 25. Rd2 h5 26. b4 h4 27.
a4 h3 28. b5 Rg2 29. bxa6 bxa6 30. Nd1 Be3 0-1

[Event "38. Open Ciudad de San Sebastián"]
[Site "San Sebastián ESP"]
[Date "2015.04.01"]
[Round "6.21"]
[White "Urriza Iricibar, Pablo"]
[Black "Lopez De Turiso, Jose Angel"]
[Result "0-1"]
[WhiteElo "2180"]
[BlackElo "2046"]
[PlyCount "164"]
[EventDate "2015.03.28"]
[EventType "swiss"]
[EventRounds "9"]
[EventCountry "ESP"]
[Source "lmi"]
[SourceDate "2015.03.28"]

1. e4 e5 2. Nf3 Nc6 3. Bb5 f5 4. d3 fxe4 5. dxe4 Nf6 6. Nc3 Bb4 7. Bc4 d6 8.
O-O Bxc3 9. bxc3 Bg4 10. Qd3 Bxf3 11. Qxf3 Qd7 12. Rb1 Na5 13. Qd3 Nxc4 14.
Qxc4 b6 15. a4 Rf8 16. f4 Rf7 17. fxe5 dxe5 18. Ba3 O-O-O 19. a5 Kb7 20. Bb4
Re8 21. Ra1 Qe6 22. Qe2 Rd7 23. axb6 cxb6 24. Rfb1 Rc8 25. Qa6+ Kb8 26. Ba5 Rb7
27. Rb5 Nxe4 28. Bb4 Nxc3 29. Bxc3 Rxc3 30. Re1 e4 31. Qa4 Rc5 32. Qa3 Rbc7 33.
Qg3 Rxc2 34. Re5 Qc6 35. R5xe4 Rc1 36. h3 Qxe4 37. Rxc1 Qe7 38. Re1 Qd7 39. Qf4
h6 40. Rc1 a5 41. Qe5 Kb7 42. Qe4+ Ka7 43. Rf1 Ka6 44. Qa8+ Ra7 45. Qe4 Rb7 46.
Rc1 b5 47. Rc6+ Rb6 48. Rc2 Rd6 49. Kh2 Qb7 50. Qe5 Rd7 51. Qc5 a4 52. g3 Qd5
53. Qc8+ Ka5 54. Qc3+ Kb6 55. Qe3+ Ka5 56. Qc3+ b4 57. Qc8 Kb5 58. Qb8+ Qb7 59.
Qe5+ Rd5 60. Qf4 Rc5 61. Qf1+ Kb6 62. Qf2 Qc6 63. Qd4 Kb5 64. Qd3+ Rc4 65. Re2
b3 66. Re5+ Kb4 67. h4 Rc2+ 68. Kh3 Qc8+ 69. Rf5 g6 70. Qd6+ Kc3 71. Qe5+ Kd2
72. Qd4+ Ke2 73. Qf2+ Kd1 74. Qg1+ Kd2 75. Qd4+ Ke2 76. Qf2+ Kd3 77. Qf3+ Kc4
78. Qg4+ Kc3 79. Qxg6 Rf2 80. Qf6+ Kc2 81. g4 Rxf5 82. gxf5 b2 0-1

[Event "38. Open Ciudad de San Sebastián"]
[Site "San Sebastián ESP"]
[Date "2015.04.01"]
[Round "6.22"]
[White "Darrigues, Alain"]
[Black "Henderson De La Fuente, Lance"]
[Result "1/2-1/2"]
[WhiteElo "1863"]
[BlackElo "2162"]
[PlyCount "76"]
[EventDate "2015.03.28"]
[EventType "swiss"]
[EventRounds "9"]
[EventCountry "ESP"]
[Source "lmi"]
[SourceDate "2015.03.28"]

1. d4 Nf6 2. c4 c5 3. Nf3 cxd4 4. Nxd4 Nc6 5. Nc3 e5 6. Nc2 Bc5 7. e3 O-O 8.
Be2 d6 9. a3 a5 10. Na4 Be6 11. Bd2 Ba7 12. b4 e4 13. Bc3 Ne5 14. Bxe5 dxe5 15.
Qxd8 Rfxd8 16. Nb2 Rac8 17. Rc1 Nd7 18. Na1 axb4 19. axb4 Nb6 20. Nb3 Nd7 21.
Na5 Rc7 22. O-O Rdc8 23. Rfd1 f5 24. Rd6 Kf7 25. Rcd1 Ke7 26. c5 Nxc5 27. bxc5
Bxc5 28. Rxe6+ Kxe6 29. Bb5 f4 30. Nbc4 Kf6 31. h3 Bb4 32. Nd6 Bxd6 33. Rxd6+
Ke7 34. Rb6 Rc1+ 35. Kh2 Ra8 36. Rxb7+ Kf8 37. Nb3 Rb1 38. Bc6 Ra3 1/2-1/2

[Event "38. Open Ciudad de San Sebastián"]
[Site "San Sebastián ESP"]
[Date "2015.04.01"]
[Round "6.23"]
[White "Elizondo Marquet, Juan Marcos"]
[Black "Pastor Pons, Pedro Maria"]
[Result "0-1"]
[WhiteElo "1859"]
[BlackElo "2147"]
[PlyCount "66"]
[EventDate "2015.03.28"]
[EventType "swiss"]
[EventRounds "9"]
[EventCountry "ESP"]
[Source "lmi"]
[SourceDate "2015.03.28"]

1. e4 g6 2. d4 Bg7 3. Nc3 d6 4. Bg5 c6 5. Qd2 b5 6. O-O-O Nd7 7. f4 h6 8. Bh4
Nb6 9. e5 d5 10. Bd3 Nc4 11. Bxc4 bxc4 12. Na4 Rb8 13. h3 h5 14. Nf3 Bf5 15.
Rhg1 Nh6 16. Rde1 Rb5 17. e6 f6 18. Kb1 Qb8 19. a3 O-O 20. Nh2 Qd6 21. Ka2 Rfb8
22. g4 hxg4 23. hxg4 Be4 24. Bg3 c3 25. Qxc3 f5 26. g5 c5 27. Qd2 Qa6 28. gxh6
Qxa4 29. c3 Rxb2+ 30. Qxb2 Rxb2+ 31. Kxb2 Qc2+ 32. Ka1 Qxc3+ 33. Ka2 Qc2+ 0-1

[Event "38. Open Ciudad de San Sebastián"]
[Site "San Sebastián ESP"]
[Date "2015.04.01"]
[Round "6.24"]
[White "Rodsmoen, Maud"]
[Black "Torres Ganuza, Francisco Javier"]
[Result "0-1"]
[WhiteElo "1849"]
[BlackElo "2147"]
[PlyCount "110"]
[EventDate "2015.03.28"]
[EventType "swiss"]
[EventRounds "9"]
[EventCountry "ESP"]
[Source "lmi"]
[SourceDate "2015.03.28"]

1. e4 c5 2. Nf3 e6 3. d4 cxd4 4. Nxd4 a6 5. Nc3 d6 6. Bd3 Nf6 7. O-O Be7 8. a4
Nc6 9. Nf3 O-O 10. h3 Qc7 11. Bf4 Rd8 12. Qe2 Nb4 13. Rac1 Bd7 14. Bc4 Bc6 15.
Bb3 Rac8 16. Rfd1 Qa5 17. Bg5 h6 18. Bh4 Qh5 19. Rd4 a5 20. Rcd1 Qc5 21. Rc4
Qb6 22. Rcd4 Be8 23. Nb5 Nc6 24. R4d2 Ne5 25. Nxe5 dxe5 26. Bxf6 Bxf6 27. Nd6
Rc7 28. Nxe8 Rxe8 29. Rd6 Qb4 30. Qd3 Be7 31. Rd7 Rxd7 32. Qxd7 Rd8 33. Qxd8+
Bxd8 34. Rxd8+ Kh7 35. Rd7 Qe1+ 36. Kh2 Qxf2 37. Rxb7 Kg6 38. Rb5 Qf4+ 39. Kg1
Kg5 40. Bc4 Kh4 41. Rb3 Qc1+ 42. Bf1 Qxc2 43. g3+ Kg5 44. Rb7 Qxe4 45. Rxf7 Kg6
46. Re7 Kf6 47. Rc7 Qxa4 48. Bc4 Qa1+ 49. Kh2 Qxb2+ 50. Kh1 Qf2 51. g4 Qg3 52.
Bf1 a4 53. Rd7 e4 54. Rd4 Qf2 55. Bg2 Qxd4 0-1

[Event "38. Open Ciudad de San Sebastián"]
[Site "San Sebastián ESP"]
[Date "2015.04.01"]
[Round "6.25"]
[White "Cao Armillas, Jesus"]
[Black "Torres Novalbos, David"]
[Result "0-1"]
[WhiteElo "2113"]
[BlackElo "2007"]
[PlyCount "104"]
[EventDate "2015.03.28"]
[EventType "swiss"]
[EventRounds "9"]
[EventCountry "ESP"]
[Source "lmi"]
[SourceDate "2015.03.28"]

1. d4 Nf6 2. c4 e6 3. Nc3 Bb4 4. e3 O-O 5. Bd3 d5 6. Nf3 c5 7. O-O Nc6 8. a3
Bxc3 9. bxc3 dxc4 10. Bxc4 Qc7 11. Ba2 Rd8 12. Bb2 e5 13. h3 e4 14. Nd2 b6 15.
Qe2 Bf5 16. Rfd1 Bg6 17. Nb3 Bh5 18. g4 c4 19. Nd2 Bg6 20. Bxc4 Ne7 21. Bb3 Qd7
22. c4 h5 23. d5 Qd6 24. Kg2 h4 25. Bc2 Re8 26. Bxf6 Qxf6 27. Bxe4 Bxe4+ 28.
Nxe4 Qe5 29. Nd2 Ng6 30. Qd3 Rac8 31. Nf3 Qd6 32. Rac1 Rc5 33. Rc3 Rec8 34.
Rdc1 Qc7 35. Qf5 b5 36. Nd2 Ne7 37. d6 Qxd6 38. Qc2 Qe5 39. f4 Qc7 40. Qe4 Nd5
41. Rd3 Nf6 42. Qd4 bxc4 43. Rdc3 Rd5 44. Rxc4 Rxd4 45. Rxc7 Rxd2+ 46. Kf3 Rxc7
47. Rxc7 Rh2 48. Rxa7 Rxh3+ 49. Ke2 Nxg4 50. Re7 Rh2+ 51. Kf1 Rf2+ 52. Ke1 h3
0-1

[Event "38. Open Ciudad de San Sebastián"]
[Site "San Sebastián ESP"]
[Date "2015.04.01"]
[Round "6.26"]
[White "Buiza Prieto, Eihartze"]
[Black "Shehab, Ibrahim"]
[Result "0-1"]
[WhiteElo "2107"]
[BlackElo "1934"]
[PlyCount "70"]
[EventDate "2015.03.28"]
[EventType "swiss"]
[EventRounds "9"]
[EventCountry "ESP"]
[Source "lmi"]
[SourceDate "2015.03.28"]

1. e4 d6 2. d4 Nf6 3. Nc3 g6 4. h3 Bg7 5. Be3 O-O 6. Nf3 Nc6 7. Be2 e5 8. d5
Ne7 9. g4 c6 10. Qd2 cxd5 11. exd5 Qa5 12. Bc4 a6 13. Rd1 b5 14. Bb3 Bb7 15. a3
Rac8 16. Bg5 b4 17. axb4 Qxb4 18. Bxf6 Bxf6 19. O-O Bg7 20. Rfe1 f5 21. gxf5
Nxf5 22. Ne4 Qb6 23. Qd3 h6 24. c4 Kh8 25. Bc2 Rf7 26. Rb1 Rcf8 27. b4 Qd8 28.
Bd1 Bc8 29. Kg2 Nh4+ 30. Nxh4 Qxh4 31. Rb2 Rf4 32. Re3 Bf5 33. Rbe2 Bxe4+ 34.
Rxe4 Rxe4 35. Qxe4 Rxf2+ 0-1

[Event "38. Open Ciudad de San Sebastián"]
[Site "San Sebastián ESP"]
[Date "2015.04.01"]
[Round "6.28"]
[White "Baquedano Coarasa, Pablo"]
[Black "Perez Calahorra, Ricardo"]
[Result "0-1"]
[WhiteElo "1781"]
[BlackElo "2090"]
[PlyCount "70"]
[EventDate "2015.03.28"]
[EventType "swiss"]
[EventRounds "9"]
[EventCountry "ESP"]
[Source "lmi"]
[SourceDate "2015.03.28"]

1. d4 Nf6 2. c4 e6 3. Nc3 b6 4. Nf3 Bb7 5. e3 Bb4 6. Be2 Ne4 7. Qc2 O-O 8. O-O
Bxc3 9. bxc3 d6 10. Nd2 Nxd2 11. Bxd2 f5 12. f3 Nd7 13. Bd3 Qh4 14. e4 f4 15.
Be1 Qh5 16. Qf2 Rf6 17. Bd2 e5 18. g4 fxg3 19. hxg3 Raf8 20. Kg2 Rxf3 21. Qxf3
Rxf3 22. Rxf3 Nf6 23. Raf1 c5 24. dxe5 dxe5 25. Rf5 Bxe4+ 26. Bxe4 Qe2+ 27.
R1f2 Qxe4+ 28. Kg1 h5 29. Bg5 Ng4 30. Rf8+ Kh7 31. Rd2 Kg6 32. Rd5 Kxg5 33. Rf7
Qe1+ 34. Kg2 Ne3+ 35. Kh2 Qe2+ 0-1

[Event "38. Open Ciudad de San Sebastián"]
[Site "San Sebastián ESP"]
[Date "2015.04.01"]
[Round "6.30"]
[White "Abalia Patino, Aritz"]
[Black "Rull Costa, Baltasar"]
[Result "1/2-1/2"]
[WhiteElo "2049"]
[BlackElo "1747"]
[PlyCount "82"]
[EventDate "2015.03.28"]
[EventType "swiss"]
[EventRounds "9"]
[EventCountry "ESP"]
[Source "lmi"]
[SourceDate "2015.03.28"]

1. e4 d5 2. exd5 Nf6 3. d4 Nxd5 4. Bd3 Nc6 5. c3 e5 6. dxe5 Nxe5 7. Be4 c6 8.
Nf3 Nxf3+ 9. Qxf3 Nf6 10. O-O Nxe4 11. Qxe4+ Be6 12. Be3 Be7 13. Nd2 O-O 14.
Nb3 Bd5 15. Qg4 f5 16. Qd4 Bf6 17. Qd2 Be5 18. f4 Bc7 19. Rfe1 Bxb3 20. axb3
Qxd2 21. Bxd2 Rad8 22. Be3 Rfe8 23. Kf2 a6 24. g3 Kf7 25. Bd4 g6 26. Rad1 Rxe1
27. Rxe1 Re8 28. Be3 Re6 29. c4 Rd6 30. Bc5 Rd7 31. Kf3 Bd8 32. Bb4 Bf6 33. Bc3
Rd3+ 34. Re3 Rxe3+ 35. Kxe3 c5 36. Kd3 Ke6 37. Ke3 a5 38. Kd3 Kd6 39. Kd2 Kc6
40. h3 b5 41. Kc2 b4 1/2-1/2